Online
Catalog

Sociedad Dominicana de Diabetes / (Record no. 49080)

MARC details
000 -CABECERA
campo de control de longitud fija 03253nam a22003377a 4500
003 - IDENTIFICADOR DEL NÚMERO DE CONTROL
campo de control OSt
005 - FECHA Y HORA DE LA ÚLTIMA TRANSACCIÓN
campo de control 20250211105136.0
008 - DATOS DE LONGITUD FIJA--INFORMACIÓN GENERAL
campo de control de longitud fija 090902s1994 dr c 001 0 spa d
040 ## - FUENTE DE LA CATALOGACIÓN
Centro catalogador/agencia de origen DO-SdBNP
Lengua de catalogación spa
Centro/agencia transcriptor BNPHU
082 ## - NÚMERO DE LA CLASIFICACIÓN DECIMAL DEWEY
Número de clasificación xxx
Número de documento/Ítem xxx
111 1# - ENTRADA PRINCIPAL--NOMBRE DE CONGRESO/REUNIÓN
Nombre de congreso/reunión o jurisdicción como elemento de entrada Congreso Dominicano de Diabetes (SODODIA)
Número del congreso/reunión o número de parte o sección (1:
Fecha del congreso/reunión octubre 27-30:
Sede del congreso/Lugar de la reunión Santo Domingo, República Dominicana)
9 (RLIN) 18717
245 10 - MENCIÓN DE TÍTULO
Título Sociedad Dominicana de Diabetes /
Mención de responsabilidad, etc. comité organizador Jorge A. Hazoury Bahles, Víctor Ml. Perrotta M., Francisco Rivera...[et al]
260 ## - PUBLICACIÓN, DISTRIBUCIÓN, ETC.
Lugar de publicación, distribución, etc. Santo Domingo :
Nombre del editor, distribuidor, etc. Sociedad Dominicana de Diabetes ;
Fecha de publicación, distribución, etc. 1994.
300 ## - DESCRIPCIÓN FÍSICA
Extensión 144 p. :
Otras características físicas retrs.
Dimensiones 21 cm.
505 0# - NOTA DE CONTENIDO CON FORMATO
Título Mensaje --
-- Micro/macro albuminaría: valor predictivo de nefropatía y su relación con otras complicaciones --
-- Albuminaría: evaluación y diagnostico por biopsia renal percutánea en el Inden --
-- Fitopatología de la hipertensión arterial en la diabetes millitus --
-- Ptca in acute myocardial --
-- Insulina intensiva convencional en pacientes diabéticos tipo II, con fallo secundario a hipoglucemiantes orales --
-- Perfil lipídico en diabéticos en la consulta externa Inden --
-- Sensibilidad del hisopado y cultivo para el aislamiento bacteriano en infecciones de partes blandas en diabéticos --
-- Campamento para niños diabéticos del 29 de agosto al 2 de septiembre 1994 --
-- Estudio comparativo de la conducta sexual del paciente diabético --
-- Revisión del a historia clínica oftalmológica de una población diabética --
-- Eficacia de la evaluación del control metabólico con glicemia basal vs. hbaic al momento de refaccionar al diabético --
-- Quimeras para el tratamiento diabético en América Latina --
-- El embarazo en la adolescente diabética --
-- Estudio inmunoclinico y bioquímico en niños con alto riesgo de diabetes mellitus como secuela de infección por virus ECHO-4 --
-- Evidencias experimentales sobre la naturaleza glicolipidica de los antígenos reconocidos por los anticuerpos anti-islotes pancreáticos --
-- Estacionalidad y edad de comienzo de la diabetes mellitus insulino dependiente en la región - Chile --
-- Efecto de la altura en la tolerancia a la glucosa y sensibilidad a la insulina en sujetos sanos --
-- Manejo del niño diabético --
-- Educación: el tratamiento mas importante para la diabetes --
-- Caracterización molecular de los genes HLA=DR y HLA=DO de pacientes en la Republica Dominicana que tienen diabetes mellitus insulinodependiente (DMI) --
-- Diabetes tropical --
-- Evaluando la calidad de la atención en diabetes mellitus en Trinidad Tobago --
-- Estoy en insulina --
-- Graficas del congreso /
590 ## - NOTA LOCAL (RLIN)
Nota local Inventariado, 2020/ YL
700 12 - PUNTO DE ACCESO ADICIONAL--NOMBRE DE PERSONA
Nombre de persona Hazoury Bahles, Jorge A.
Término indicativo de función/relación org.
9 (RLIN) 77163
700 12 - PUNTO DE ACCESO ADICIONAL--NOMBRE DE PERSONA
Nombre de persona Perrotta M., Víctor Ml.
Término indicativo de función/relación org.
9 (RLIN) 77164
700 12 - PUNTO DE ACCESO ADICIONAL--NOMBRE DE PERSONA
Nombre de persona Rivera, Francisco
Término indicativo de función/relación org.
9 (RLIN) 20660
700 12 - PUNTO DE ACCESO ADICIONAL--NOMBRE DE PERSONA
Nombre de persona Escaño, Felix
Término indicativo de función/relación org.
9 (RLIN) 77165
700 12 - PUNTO DE ACCESO ADICIONAL--NOMBRE DE PERSONA
Nombre de persona Stern Díaz, Herbert S.
Fechas asociadas al nombre 1958-
Término indicativo de función/relación org.
9 (RLIN) 13913
700 12 - PUNTO DE ACCESO ADICIONAL--NOMBRE DE PERSONA
Nombre de persona Estevez, Julio
Término indicativo de función/relación org.
9 (RLIN) 77167
700 12 - PUNTO DE ACCESO ADICIONAL--NOMBRE DE PERSONA
Nombre de persona Belliard, María R.
Término indicativo de función/relación org.
9 (RLIN) 77168
700 12 - PUNTO DE ACCESO ADICIONAL--NOMBRE DE PERSONA
Nombre de persona Santoni, Juan
Término indicativo de función/relación org.
9 (RLIN) 77169
700 12 - PUNTO DE ACCESO ADICIONAL--NOMBRE DE PERSONA
Nombre de persona Bonnet, Francisco
Término indicativo de función/relación org.
9 (RLIN) 77170
700 12 - PUNTO DE ACCESO ADICIONAL--NOMBRE DE PERSONA
Nombre de persona Mota, Aurea
Término indicativo de función/relación org.
9 (RLIN) 77171
700 12 - PUNTO DE ACCESO ADICIONAL--NOMBRE DE PERSONA
Nombre de persona Santos, Yolanda
Término indicativo de función/relación org.
9 (RLIN) 77172
700 12 - PUNTO DE ACCESO ADICIONAL--NOMBRE DE PERSONA
Nombre de persona Reyes, Erick
Término indicativo de función/relación org.
9 (RLIN) 77173
910 ## - DATOS DE OPCIÓN DEL USUARIO (OCLC)
Datos de opción del usuario Validado. Control de calidad. MMOLINA
942 ## - ELEMENTOS DE PUNTO DE ACCESO ADICIONAL (KOHA)
Fuente del sistema de clasificación o colocación Dewey Decimal Classification
Tipo de ítem Koha Libro
Holdings
Estado de retiro Estado de pérdida Fuente del sistema de clasificación o colocación Restricciones de uso No para préstamo Código de colección Localización permanente Ubicación/localización actual Ubicación en estantería Fecha de adquisición Fuente de adquisición Total de préstamos Signatura topográfica completa Código de barras Fecha visto por última vez Precio válido a partir de Tipo de ítem Koha
    Dewey Decimal Classification Excluido de préstamo Excluido de préstamo Patrimonio Dominicano Biblioteca Nacional Pedro Henríquez Ureña Biblioteca Nacional Pedro Henríquez Ureña En catalogación 05.11.2020 Donación   xxx xxx 2020-0422 05.11.2020 05.11.2020 Libro y Folleto Colección Patrimonio Dominicano

Powered by Koha